| 000 -LEADER |
| fixed length control field |
01613pab a2200181 454500 |
| 008 - FIXED-LENGTH DATA ELEMENTS--GENERAL INFORMATION |
| fixed length control field |
180718b2018 xxu||||| |||| 00| 0 eng d |
| 100 ## - MAIN ENTRY--PERSONAL NAME |
| Personal name |
Akram, Sadiya |
| 245 ## - TITLE STATEMENT |
| Title |
Representative bureaucracy and unconscious bias: exploring the unconscious dimension of active representation |
| 260 ## - PUBLICATION, DISTRIBUTION, ETC. |
| Date of publication, distribution, etc. |
2018 |
| 300 ## - PHYSICAL DESCRIPTION |
| Extent |
p.119-133. |
| 520 ## - SUMMARY, ETC. |
| Summary, etc. |
Representative bureaucracy theory explores the effects of representation on bureaucracies, but less attention has been paid to date as to how agents represent values or interests. Addressing this omission, this article highlights the unconscious dimension of active representation and, more specifically, the role of unconscious bias in representation. Unconscious bias has received limited attention to date in public administration, but has clear relevance for understanding how representation occurs at the individual level. This article proposes a framework for understanding unconscious bias. Drawing on Bourdieu's habitus, but making explicit its unconscious dimension, I argue that unconscious bias enhances our understanding of how active representation occurs in bureaucracies today. The article applies these insights to the case of unconscious gender bias as found in the Australian Public Service (APS) and concludes by exploring the methodological challenges involved in building a research agenda into tackling unconscious bias. - Reproduced. |
| 650 ## - SUBJECT ADDED ENTRY--TOPICAL TERM |
| Topical term or geographic name entry element |
Public service - Australia - Case study |
| 650 ## - SUBJECT ADDED ENTRY--TOPICAL TERM |
| Topical term or geographic name entry element |
Public administration |
| 650 ## - SUBJECT ADDED ENTRY--TOPICAL TERM |
| Topical term or geographic name entry element |
Representative bureaucracy |
| 650 ## - SUBJECT ADDED ENTRY--TOPICAL TERM |
| Topical term or geographic name entry element |
Bureaucracy |
| 773 ## - HOST ITEM ENTRY |
| Main entry heading |
Public Administration |
| 909 ## - |
| -- |
117044 |